Espagnol- Présent de l’indicatif - Statistiques

Statistiques générales
  • Ce quiz a été pris 271 fois
  • Le résultat moyen est 36 sur 42
Statistiques - réponses
Pronoms personnels Verbes % Correct
el/ ella/ usted es
98%
yo soy
98%
tu eres
93%
nosotros somos
93%
el/ ella/ usted está
92%
nosotros estamos
91%
elles/ellas/ ustedes son
91%
ellos/ ellas/ ustedes están
90%
tu estás
90%
yo estoy
90%
el/ ella/ usted ha
90%
vosotros estáis
89%
ellos/ ellas/ ustedes ven
89%
el/ ella/ usted ve
88%
el/ ella/ usted da
86%
el/ ella/ usted sabe
86%
nosotros vamos
86%
ellos/ ellas/ ustedes van
86%
nosotros vemos
86%
tu ves
86%
nosotros damos
85%
tu das
85%
tu sabes
85%
vosotros vais
85%
vosotros veis
85%
yo voy
85%
vosotros dais
84%
ellos/ ellas/ ustedes dan
84%
nosotros sabemos
84%
tu vas
84%
el/ ella/ usted vas
84%
tu has
83%
vosotros sabéis
83%
ellos/ ellas/ ustedes saben
83%
yo
82%
vosotros sois
81%
ellos/ ellas/ ustedes han
74%
yo veo
73%
yo he
72%
yo doy
71%
nosotros hemos
66%
vosotros habéis
62%
Aucun quiz correspondant
Distribution des résultats
% des personnes avec chaque résultat
Percentile par nombre de réponses
Votre historique - résultats
Vous n’avez pas pris ce quiz